000 00242nam a2200097Ia 4500
001 705438
005 20250826162430.0
008 250824s9999 xx 000 0 und d
245 0 _aHAYATI KURGULAMAK
_cCEMİLE SÜMEYRA
260 _bŞULE YAYINLARI
999 _c705438
_d705438